000 01375cam a2200313 4500
008 050317n2004 000 0 eng u
020 _a1860817033
035 _a(Sirsi) u129094
041 _aeng
050 _a693.82
_c18
100 _aWelch, S.
245 _aStructural fire engineering design
_bfire and thermal response
260 _aWatford
_bBRE
_c2004
300 _a8p.
_c30cm.
350 _a12
490 _aBRE Digest
_v488
520 _aThis digest forms part of a suite of related documents containing guidance for the construction industry on structural fire engineering design (see also BRE Digests 484, 485, 487 and 490). Each digest may be used in isolation or as part of the full suite. Digest 488 provides a general overview of methods for predicting the thermal response of structures to fire. These methods provide the link between the description of the heating conditions due to the fire itself (see BRE Digest 485) and the structural performance of building components (see BRE Digest 487).
650 _aFIRE SAFETY ENGINEERING
650 _aSTRUCTURAL ENGINEERING
650 _aTHERMAL PERFORMANCE
650 _aSTEEL
650 _aMASONRY
650 _aFIRE RESISTANCE
650 _aTIMBER
650 _aCONCRETE
690 _aBUILT ENVIRONMENT-BUILDING MATERIALS
710 _aBuilding Research Establishment
942 _n0
999 _c104103
_d104103